| Tag |
First Indicator |
Second Indicator |
Subfields |
| LEADER |
00000cam a2200000 a 4500 |
| 001 |
in00000007998 |
| 005 |
20151002070113.0 |
| 008 |
870825s1986 txuabo b 00010 eng d |
| 035 |
|
|
|a (OCoLC)16534958
|
| 035 |
|
|
|9 AAA0343AM
|
| 040 |
|
|
|a RCE
|c RCE
|d IKM
|d TXA
|d UtOrBLW
|
| 050 |
|
4 |
|a F392.L8
|b C34 1986
|
| 086 |
|
|
|a A1900.7 P422 no.380A
|2 txdocs
|
| 100 |
1 |
|
|a Campbell, Robert G.
|
| 245 |
1 |
0 |
|a Archaeological monitoring of the area impacted by construction of the Northwest Sanitary Relief Main, Lubbock, Texas :
|b addendum to Texas antiquities permit no. 380 /
|c prepared for Department of Water Utilities, city of Lubbock ; prepared by Robert G. Campbell, senior consultant, and Sharon J. Judd, principal investigator ; with contributions by Mei Wan Campbell and April MacDowell and Robert E. Campbell.
|
| 264 |
|
1 |
|a Lubbock, Tex. :
|b Anthropological Investigative Consultants,
|c [1986]
|
| 300 |
|
|
|a v, 59 leaves :
|b illustrations (some color), maps ;
|c 28 cm.
|
| 336 |
|
|
|a text
|b txt
|2 rdacontent
|
| 337 |
|
|
|a unmediated
|b n
|2 rdamedia
|
| 338 |
|
|
|a volume
|b nc
|2 rdacarrier
|
| 490 |
1 |
|
|a Occasional papers ;
|v rept. no. 4
|
| 504 |
|
|
|a Bibliography: leaves 44-54.
|
| 651 |
|
0 |
|a Lubbock (Tex.)
|x Antiquities.
|
| 651 |
|
0 |
|a Lubbock County (Tex.)
|x Antiquities.
|
| 651 |
|
0 |
|a Texas
|x Antiquities.
|
| 650 |
|
0 |
|a Excavations (Archaeology)
|z Texas
|z Lubbock.
|
| 700 |
1 |
|
|a Judd, Sharon.
|
| 700 |
1 |
|
|a Campbell, Mei Wan.
|
| 700 |
1 |
|
|a MacDowell, April.
|
| 700 |
1 |
|
|a Campbell, Robert E.
|
| 710 |
1 |
|
|a Lubbock (Tex.).
|b Department of Water Utilities.
|
| 710 |
2 |
|
|a Anthropological Investigative Consultants.
|
| 710 |
2 |
|
|a Texas Antiquities Committee.
|
| 830 |
|
0 |
|a Occasional papers (Anthropological Investigative Consultants) ;
|v rept. no. 4.
|
| 999 |
|
|
|a MARS
|
| 999 |
f |
f |
|s d951b794-3144-3dd5-8681-2eb6031548cd
|i eb4f0bed-fd14-3790-acb7-e56be65e1ee9
|t 0
|
| 952 |
f |
f |
|p ric
|a Texas A&M University
|b Rellis Campus
|c Joint Library Facility
|d Remote Storage
|t 0
|e F392.L8 C34 1986
|h Library of Congress classification
|i unmediated -- volume
|m A14812566726
|
| 998 |
f |
f |
|a F392.L8 C34 1986
|t 0
|l Remote Storage
|